The IUP Journal Of Applied Economics (Record no. 46504)
[ view plain ]
| 000 -LEADER | |
|---|---|
| fixed length control field | 00359nam a22001337a 4500 |
| 008 - FIXED-LENGTH DATA ELEMENTS--GENERAL INFORMATION | |
| fixed length control field | 251005b |||||||| |||| 00| 0 eng d |
| 022 ## - INTERNATIONAL STANDARD SERIAL NUMBER | |
| International Standard Serial Number | 3049267X |
| 041 ## - LANGUAGE CODE | |
| Language code of text/sound track or separate title | Eng |
| 245 ## - TITLE STATEMENT | |
| Title | The IUP Journal Of Applied Economics |
| 260 ## - PUBLICATION, DISTRIBUTION, ETC. | |
| Place of publication, distribution, etc. | Hyderabad |
| Name of publisher, distributor, etc. | IPU Publication |
| Date of publication, distribution, etc. | 2025 |
| 300 ## - PHYSICAL DESCRIPTION | |
| Extent | 99;. P. |
| 856 ## - ELECTRONIC LOCATION AND ACCESS | |
| Uniform Resource Identifier | <a href="https://iupindia.in/applied-economics.asp">https://iupindia.in/applied-economics.asp</a> |
| 942 ## - ADDED ENTRY ELEMENTS (KOHA) | |
| Koha item type | Serial |
| Withdrawn status | Lost status | Source of classification or shelving scheme | Damaged status | Not for loan | Home library | Current library | Date acquired | Serial Enumeration / chronology | Total Checkouts | Barcode | Date last seen | Price effective from | Koha item type | Source of acquisition |
|---|---|---|---|---|---|---|---|---|---|---|---|---|---|---|
| Dewey Decimal Classification | IMTN | IMTN | 10/05/2025 | Vol. 24, No. 3 | P928 | 10/05/2025 | 10/05/2025 | Serial | ||||||
| Dewey Decimal Classification | IMTN | IMTN | 10/08/2025 | Vol. 24, No. 2 | P936 | 10/08/2025 | 10/08/2025 | Serial | 2025-10-08 | |||||
| Dewey Decimal Classification | IMTN | IMTN | 12/18/2025 | Vol. 24, No. 4 | P1102 | 12/18/2025 | 12/18/2025 | Serial | 12/18/2025 |